a study on metaphoric expressions in english tourism advertisements /
This study mainly investigates how to use the syntactic and semantic features of metaphoric expressions in English tourism advertisements. The study collected 150 samples from 55 English websites then analyzed on syntactic and semantic aspects basing on the basic theory of M.A.K. Halliday (1985) wit...
Sparad:
| Huvudupphovsman: | |
|---|---|
| Övriga upphovsmän: | |
| Materialtyp: | Lärdomsprov Bok |
| Språk: | English |
| Publicerad: |
ĐHĐN :
ĐHĐN.
2014
|
| Ämnen: | |
| Taggar: |
Lägg till en tagg
Inga taggar, Lägg till första taggen!
|
| Thư viện lưu trữ: | Mạng thư viện Đại học Đà Nẵng |
|---|
| LEADER | 03532nam a22003971a 4500 | ||
|---|---|---|---|
| 001 | 000035429 | ||
| 003 | 11709 | ||
| 005 | 20230109151322.0 | ||
| 008 | 151229s2014 000 eng | ||
| 040 | |a LNN | ||
| 041 | |a eng | ||
| 082 | |a 420.8 |b TR-D | ||
| 100 | |a Trà,Thị Doãn Dung | ||
| 245 | 2 | |a a study on metaphoric expressions in english tourism advertisements / |c Trà Thị Doãn Dung; Trần Văn Phước supervisor. | |
| 260 | |c 2014 |a ĐHĐN : |b ĐHĐN. | ||
| 300 | |a 134tr. : ; |c 30cm+. | ||
| 502 | |a Master thesis in social sciences and humanities | ||
| 520 | |a This study mainly investigates how to use the syntactic and semantic features of metaphoric expressions in English tourism advertisements. The study collected 150 samples from 55 English websites then analyzed on syntactic and semantic aspects basing on the basic theory of M.A.K. Halliday (1985) with his famous work: „An Introduction to Functional Grammar‟. The finding shows that metaphoric expressions on noun phrases, verb phrases, and adjective phrases are mostly expressed. And in semantic site, ranges of history, beauty and life style are used most frequently, and this gives us more view and knowledge about tourist destinations. With findings above, semantic and syntactic features of metaphor are partly proposed to contribute to better the teaching and learning of English as a foreign language, especially to better the learners who are aware of translating and working in tourism industry. | ||
| 650 | |a metaphoric expressions in english tourism advertisements | ||
| 653 | |a metaphoric expressions |a tourism advertisements | ||
| 700 | |a Trần Văn Phước |e supervisor | ||
| OWN | |a LNN | ||
| AVA | |a UDN50 |b LNN |c English |d 420.8 TR-D |e available |t Error 5001 Not defined in file expand_doc_bib_avail. |f 1 |g 0 |h N |i 0 |j AN |k 1 | ||
| Z40 | 3 | |y a study on metaphoric expressions in english tourism advertisements / |l Library of UFL |t VIEW |x http://catalog.udn.vn:80/F?func=service&doc_library=UDN01&local_base=UDN01&doc_number=000035429&sequence=000001&line_number=0001&func_code=DB_RECORDS&service_type=MEDIA |f TOMTAT_000013232.pdf |e pdf |s 000440890 |k 20210923 |m NTMTHI | |
| Z40 | 3 | |y a study on metaphoric expressions in english tourism advertisements / |l Library of UFL |t VIEW |x http://catalog.udn.vn:80/F?func=service&doc_library=UDN01&local_base=UDN01&doc_number=000035429&sequence=000002&line_number=0002&func_code=DB_RECORDS&service_type=MEDIA |f LUANVAN_000013234.pdf |e pdf |s 001161804 |k 20210923 |m NTMTHI | |
| 999 | |a From the UDN01 | ||
| AVA | |a UDN50 |b LNN |c English |d 420.8 TR-D |e available |t Error 5001 Not defined in file expand_doc_bib_avail. |f 1 |g 0 |h N |i 0 |j AN |k 1 | ||
| TYP | |a Dissertation | ||
| TYP | |a Monograph | ||
| TYP | |a Printed language | ||
| 856 | |y a study on metaphoric expressions in english tourism advertisements / |l Library of UFL |t VIEW |x http://catalog.udn.vn:80/F?func=service&doc_library=UDN01&local_base=UDN01&doc_number=000035429&sequence=000001&line_number=0001&func_code=DB_RECORDS&service_type=MEDIA |f TOMTAT_000013232.pdf |e pdf |s 000440890 |k 20210923 |m NTMTHI | ||
| 856 | |y a study on metaphoric expressions in english tourism advertisements / |l Library of UFL |t VIEW |x http://catalog.udn.vn:80/F?func=service&doc_library=UDN01&local_base=UDN01&doc_number=000035429&sequence=000002&line_number=0002&func_code=DB_RECORDS&service_type=MEDIA |f LUANVAN_000013234.pdf |e pdf |s 001161804 |k 20210923 |m NTMTHI | ||
| 980 | |a Mạng thư viện Đại học Đà Nẵng | ||